| 000 | 00651nam a2200217Ii 4500 | ||
|---|---|---|---|
| 001 | 11427 | ||
| 003 | CO-ViMGA | ||
| 008 | 241108s9999||||xx |||||||||||||| ||und|| | ||
| 020 | _a9586017818 | ||
| 040 |
_aCO-ViMGA _bspa _erda _cCO-ViMGA |
||
| 041 | 0 | _aunk | |
| 082 | 0 | 4 | _a986.101-A662 |
| 100 | 1 |
_aRaúl Arango _956770 |
|
| 245 | 1 | 0 | _aLos pueblos indígenas de Colombia 1997 |
| 264 | 1 | _a[Lugar de publicación no identificado] : Tercer Mundo Editores, 1999 | |
| 300 | _avolumen | ||
| 336 |
_atext _btxt _2rdacontent |
||
| 337 |
_aunmediated _bn _2rdamedia |
||
| 338 |
_avolume _bnc _2rdacarrier |
||
| 940 | _aidficha_siabuc: 11153. -- ficha_no_siabuc:11427 | ||
| 999 |
_c54900 _d54900 |
||